Filipino housewives speak / (Record no. 75)
[ view plain ]
| 000 -LEADER | |
|---|---|
| fixed length control field | 00599nam a2200205 a 4500 |
| 001 - CONTROL NUMBER | |
| control field | 2975085 |
| 005 - DATE AND TIME OF LATEST TRANSACTION | |
| control field | 20231124041638.0 |
| 008 - FIXED-LENGTH DATA ELEMENTS--GENERAL INFORMATION | |
| fixed length control field | 920901s1991 ph b 000 0 eng |
| 020 ## - INTERNATIONAL STANDARD BOOK NUMBER | |
| ISBN | 9718605053 |
| 040 ## - CATALOGING SOURCE (பட்டியலாக்க மூலம்) | |
| Original cataloging agency | DLC |
| Transcribing agency | DLC |
| 082 ## - DDC Classification | |
| DDC Edition Number | 22 |
| Class No. | 305,4 |
| Item Number - Author Mark | DEL. |
| 100 1# - MAIN ENTRY--PERSONAL NAME | |
| Personal name | Aguilar, Delia D. |
| 245 10 - TITLE STATEMENT | |
| Title | Filipino housewives speak / |
| Statement of responsibility, etc. | Delia D. Aguilar ; edited by Marjorie Evasco. |
| 260 ## - PUBLICATION, DISTRIBUTION, ETC. | |
| Place of publication, distribution, etc. | Manila, Philippines : |
| Name of publisher, distributor, etc. | Institute of Women's Studies, St. Scholastica's College, |
| Date of publication, distribution, etc. | 1991. |
| 300 ## - PHYSICAL DESCRIPTION | |
| Extent (e.g. Volumes, Pages etc.) | 196 p. ; |
| 650 #0 - SUBJECT ADDED ENTRY--TOPICAL TERM | |
| Topical term or geographic name entry element | Women |
| 650 #0 - SUBJECT ADDED ENTRY--TOPICAL TERM | |
| Topical term or geographic name entry element | Work and family |
| 700 1# - ADDED ENTRY--PERSONAL NAME | |
| Personal name | Evasco, Marjorie. |
| Relator term (Role) | Editor |
| 942 ## - Koha item type (Biblio) | |
| Koha item type | Books in Stacks (Lending) |
| Lost status | Damaged status | Collection code | Home library | Current library | Date acquired | Full call number | Accession Number | Item type |
|---|---|---|---|---|---|---|---|---|
| Lending | WERC Library | WERC Library | 11/24/2023 | 305,4 DEL. | 5038 | Books in Stacks (Lending) |
